Dinosaurs By Name Translation - Statistics

General Stats
  • This quiz has been taken 50 times
    39 since last reset
  • The average score is 11 of 21
Answer Stats
Name Meaning Dinosaur % Correct
Meat Eating Bull Carnotaurus
96%
Egg Thief Oviraptor
89%
Lizard From Salta Saltasaurus
79%
Roof Lizard Stegosaurus
79%
Iguana Tooth Iguanodon
75%
Different Lizard Allosaurus
68%
Giant Southern Lizard Giganotosaurus
68%
Dragon King Dracorex
61%
Terrible Claw Deinonychus
57%
Chicken Mimic Gallimimus
57%
Near Crested Lizard Parasaurolophus
54%
Crocodile Mimic Suchomimus
54%
High Spined Lizard Acrocanthosaurus
46%
Thick Nosed Lizard Pachyrhinosaurus
46%
Fear Nothing Dreadnoughtus
39%
Appalachian Lizard Appalachiosaurus
29%
Northern Shield Borealopelta
29%
Helmeted Thief Corythoraptor
29%
Fierce Lizard Gorgosaurus
25%
Spiked Lizard Styracosaurus
25%
Plank Lizard Pinacosaurus
11%
No matching quizzes found
Score Distribution
Percent of People with Each Score
Percentile by Number Answered
Your Score History
You have not taken this quiz since the last reset